000
00277nam a2200109Ia 4500
008
220120s9999||||xx |||||||||||||| ||und||
100
_a
Chandrashekaraiah, P.M
245
0
_a
Basic electrical engineering
260
_a
Rajeswari
_c
2002
300
_b
0
650
_a
COMPUTER SCIENCE
999
_c
136744
_d
136744